Pluscachange.com (Record no. 101072)
[ view plain ]
| 000 -LEADER | |
|---|---|
| fixed length control field | 01467cam a2200373 4500 |
| 001 - CONTROL NUMBER | |
| control field | J110197 |
| 008 - FIXED-LENGTH DATA ELEMENTS--GENERAL INFORMATION | |
| fixed length control field | 000000n2000 000 0 eng u |
| 022 ## - INTERNATIONAL STANDARD SERIAL NUMBER | |
| International Standard Serial Number | 0307-4870 |
| 035 ## - SYSTEM CONTROL NUMBER | |
| System control number | (Sirsi) u110197 |
| 041 ## - LANGUAGE CODE | |
| Language code of text/sound track or separate title | eng |
| 050 ## - LIBRARY OF CONGRESS CALL NUMBER | |
| Classification number | 711.1 |
| -- | 18 |
| 110 ## - MAIN ENTRY--CORPORATE NAME | |
| Corporate name or jurisdiction name as entry element | Journal of Planning and Environment Law |
| 9 (RLIN) | 2913 |
| 245 ## - TITLE STATEMENT | |
| Title | Pluscachange.com |
| 260 ## - PUBLICATION, DISTRIBUTION, ETC. | |
| Place of publication, distribution, etc. | London |
| Name of publisher, distributor, etc. | Sweet & Maxwell |
| Date of publication, distribution, etc. | 2000 |
| 300 ## - PHYSICAL DESCRIPTION | |
| Extent | 77p. |
| Dimensions | 25cm. |
| 490 ## - SERIES STATEMENT | |
| Series statement | Journal of Planning and Environment Law Occasional Paper |
| 505 ## - FORMATTED CONTENTS NOTE | |
| Formatted contents note | Raynsford, Nick - Key note address |
| 505 ## - FORMATTED CONTENTS NOTE | |
| Formatted contents note | Swann, Philip - The modernising agenda |
| 505 ## - FORMATTED CONTENTS NOTE | |
| Formatted contents note | Winter, Paul - RIA - getting it right! |
| 505 ## - FORMATTED CONTENTS NOTE | |
| Formatted contents note | Carnwath, Robert Sir - Compulsory purchase - a model for law reform? |
| 505 ## - FORMATTED CONTENTS NOTE | |
| Formatted contents note | Brearley, Chris - [email protected] |
| 505 ## - FORMATTED CONTENTS NOTE | |
| Formatted contents note | Evans, Paul - Transforming people and places: policy and practice on regeneration |
| 505 ## - FORMATTED CONTENTS NOTE | |
| Formatted contents note | Williams, Huw - E-commerce is more than a dot come address |
| 520 ## - SUMMARY, ETC. | |
| Summary, etc. | Papers from a conference held at New College, Oxford, September 15-17, 2000, organised by the Bar Council, the Law Society and the Royal Institution of Chartered Surveyors. |
| 650 ## - SUBJECT ADDED ENTRY--TOPICAL TERM | |
| Topical term or geographic name entry element | PLANNING |
| 650 ## - SUBJECT ADDED ENTRY--TOPICAL TERM | |
| Topical term or geographic name entry element | REGENERATION |
| 650 ## - SUBJECT ADDED ENTRY--TOPICAL TERM | |
| Topical term or geographic name entry element | E-COMMERCE |
| 650 ## - SUBJECT ADDED ENTRY--TOPICAL TERM | |
| Topical term or geographic name entry element | INTERNET |
| 650 ## - SUBJECT ADDED ENTRY--TOPICAL TERM | |
| Topical term or geographic name entry element | ENVIRONMENTAL IMPACT ASSESSMENTS |
| 650 ## - SUBJECT ADDED ENTRY--TOPICAL TERM | |
| Topical term or geographic name entry element | Compulsory purchase |
| 9 (RLIN) | 6228 |
| 650 ## - SUBJECT ADDED ENTRY--TOPICAL TERM | |
| Topical term or geographic name entry element | DEVELOPMENT |
| 690 ## - LOCAL SUBJECT ADDED ENTRY--TOPICAL TERM (OCLC, RLIN) | |
| Topical term or geographic name as entry element | ENVIRONMENTAL AND LAND CONSULTANCY-PLANNING AND DEVELOPMENT |
| 942 ## - ADDED ENTRY ELEMENTS (KOHA) | |
| Suppress in OPAC | 0 |
| Withdrawn status | Lost status | Source of classification or shelving scheme | Damaged status | Not for loan | Home library | Current library | Shelving location | Date acquired | Total Checkouts | Full call number | Barcode | Date last seen | Date last checked out | Copy number | Price effective from | Koha item type |
|---|---|---|---|---|---|---|---|---|---|---|---|---|---|---|---|---|
| Dewey Decimal Classification | London | London | Basement | 08/01/2001 | 2 | BASEMENT | 30063219 | 06/08/2019 | 09/11/2001 | 1 | 06/08/2019 | Book |